| 000 | 00404nam a2200157 i 4500 | ||
|---|---|---|---|
| 001 | 44748 | ||
| 003 | ES-MaACL | ||
| 005 | 20230906161104.0 | ||
| 007 | t| | ||
| 008 | 030324s1964 sp ||||1| spa d | ||
| 100 | 1 |
_aCliment, Juan. _939255 |
|
| 245 | 1 | 0 |
_aParque de la esquina / _cJuan Climent. |
| 260 |
_aMadrid : _bAgora, _c[1964] |
||
| 300 |
_a66 p. ; _c22 cm. |
||
| 852 |
_aES-MaACL _jC-26184 _bR.54697 |
||
| 999 |
_c44748 _d44748 |
||